Missing Word: 1990s 'D' Song Endings Quiz Stats

Quiz Updated Apr 13, 2016

Challenge
Share
Tweet
Embed
Score 0/20 Timer 04:00
1 Play Today
Song Missing Word % Correct
Knockin' On Heaven's _____Door
96.6%
One Sweet _____Day
94.9%
Can't Nobody Hold Me _____Down
91.8%
Deeper And _____Deeper
90.8%
Truly Madly _____Deeply
82.6%
Go The _____Distance
66.1%
The Humpty _____Dance
62.6%
No _____Diggity
43.8%
Water Runs _____Dry
37%
Tom's _____Diner
36.8%
Song Missing Word % Correct
Dirty _____Deeds
33.8%
Prayer For The _____Dying
33.4%
A Long _____December
27.4%
Hey Mr. _____D.J.
27%
Big _____Daddy
24.7%
Just Another _____Dream
23.6%
Symphony Of _____Destruction
22.1%
Da' _____Dip
13.1%
Dazzey _____Duks
5.2%
Hey _____Donna
5.1%

Today's Daily Dose

You're not logged in!

Compare scores with friends on all Sporcle quizzes.
Sign Up with Email
OR
Log In

You Might Also Like...

Show Comments

Extras

Top Quizzes Today


Score Distribution

Your Account Isn't Verified!

In order to create a playlist on Sporcle, you need to verify the email address you used during registration. Go to your Sporcle Settings to finish the process.